00403nam a2200157 a 45000010005000000030009000050080041000140400028000550820016000831000021000992450029001202600044001493000010001934900019002036500023002221491CO-ViMGA141112s2004 ck r 000 u spa d aCO-ViMGAbspacCO-ViMGA04a823.3 G672s1 aGordimer, Nadine10aEl salto y otros cuentos aSantafé de Bogotá : bNorma, c1991 a305 p aLa otra orilla14aNOVELA SUDAFRICANA